000
00278nam a2200109Ia 4500
008
220204s9999 xx 000 0 und d
082
_a
541.11
_b
GLA
100
_a
Glasstone, Samuel
245
0
_a
Thermodynamics for chemists
260
_a
New York
_b
Van Nostrand
_c
1947
942
_c
BK
999
_c
20947
_d
20947